| 000 | 00803nam a2200205Ia 4500 | ||
|---|---|---|---|
| 003 | GCL | ||
| 008 | 140319s9999 xx 000 0 ara d | ||
| 040 |
_aGCL / _cGCL |
||
| 082 | 0 | 4 |
_aط _b239.9 _bد خ |
| 100 | 1 | _aدرويش الزفتاوى | |
| 245 | 1 | 0 |
_aخبيب بن عدى: رجل لم يدفن فى الارض, عكرمة بن ابى جهل: رجل قام له الرسول ص , سلمه بن الاكوع: رجل صد جيشا وحده / _cدرويش الزفتاوى |
| 300 | _a29 ص | ||
| 490 |
_aرجال احبهم الرسول صلى اللة عليه و سلم _v0 |
||
| 650 | 0 | 4 | _aالاطفال |
| 650 | 0 | 4 | _aالصحابة والتابعون |
| 650 | 0 | 4 | _aخبيب بن عدى |
| 650 | 0 | 4 | _aعكرمة بن ابى جهل |
| 650 | 0 | 4 | _aسلمة بن الاكوع |
| 942 |
_2ddc _cBK |
||
| 999 |
_c51157 _d51157 |
||